000 03875cam a2201261 i 4500
003 PE-LiUPU
005 20250813185324.0
008 150826s2012 ck b 000 0 spa d
020 _a9789587165456
020 _a9587165454
035 _a(Sirsi) i9789587165456
040 _aPE-LiUPU
_bspa
_cPE-LiUPU
_erda
049 _aPRUA
082 _a363.7
_bG65
100 1 _aGonzález L. de G., Francisco,
_eautor.
245 1 0 _aEcosistema y cultura :
_bcambio global, gestión ambiental, desarrollo local y sostenibilidad /
_cFrancisco González Ladrón de Guevara, Jorge Valencia Cuéllar.
250 _aPrimera edición.
264 1 _aBogotá, D.C. :
_bPontificia Universidad Javeriana, Facultad de Estudios Ambientales,
_c2012.
300 _a117 páginass ;
_c24 centímetros.
336 _atext
_2rdacontent
337 _aunmediated
_2rdamedia
338 _avolume
_2rdacarrier
490 1 _aEnsayos de ambiente y desarrollo ;
_v7
504 _aIncluye referencia bibliográfica.
505 _aPrólogo. -- Introducción. -- PRIMERA PARTE. PROBLEMÁTICA AMBIENTAL Y GLOBALIZACIÓN DEL CONOCIMIENTO. -- Capítulo 1. La modernidad. -- Capítulo 2. La Globalización. -- Capítulo 3. Ciencia y civilización. -- Capítulo 4. La vida cuenta. -- SEGUNDA PARTE. LA TIERRA Y LA VIDA. -- Capítulo 1. La vida como sistema. -- Capitulo 2. La trama de la vida. -- Capítulo 3. El hombre en la naturaleza. -- TERCERA PARTE. ECOSISTEMA Y CULTURA. -- Capítulo 1.¡Hola Lucy!. -- Capítulo 2. Naturaleza y Cultura. -- Capítulo 3. Impacto Ambiental del hombre en la tierra. -- Biliografía. -- Anexo.
526 _aP202
526 _aP201
526 _aP163
526 _aP162
526 _aP161
526 _aP160
526 _aP148
526 _aP147
526 _aP146
526 _aP145
526 _aP144
526 _aP143
526 _aP142
526 _aP141
526 _aP140
526 _aP139
526 _aP138
526 _aP137
526 _aP136
526 _aP135
526 _aP134
526 _aP133
526 _aP129
526 _aP128
526 _aP127
526 _aP120
526 _aP119
526 _aP118
526 _aP116
526 _aP115
526 _aP114
526 _aP110
526 _aP109
526 _aP108
526 _aP104
526 _aP103
526 _aP102
526 _aP99
526 _aP98
526 _aP97
526 _aP96
526 _aP95
526 _aP93
526 _aP90
526 _aP89
526 _aP88
526 _aP83
526 _aP82
526 _aP62
526 _aP59
526 _aP58
526 _aP57
526 _aP51
526 _aP49
526 _aP48
526 _aP47
526 _aP29
526 _aP24
526 _aP20
526 _aP19
526 _aP17
526 _aP15
526 _aP14
526 _aP12
526 _aP10
526 _aP09
526 _aP08
526 _aP07
526 _aP06
526 _aP05
526 _aP04
526 _aP01
541 _g0004-000119;
650 0 _aProtección del medio ambiente
_xAspectos sociales.
650 0 _aGestión de los ecosistemas
_xAspectos sociales.
700 1 _aValencia Cuéllar, Jorge,
_d1963-
_eauthor.
910 _ajck
_bbpc
_cbpc
_d20160510
942 _2ddc
_cBOOK
949 _a363.7 G65
_wDEWEY
_c1
_i72824
_lCCODEBUL1
_mBUL
_p38.10
_r0
_sY
_tBOOK
_u2016-05-16
_xFIA
_zAMBIENTAL
_0COMPRA
_o.STAFF. Colección General
994 _aC0
_bPEPRU
596 _a1
999 _a363.7 G65
_wDEWEY
_c9365
_i72824
_d9365
_e2018-3-12
_f2021-11-9
_g7
_lCCODEBUL1
_mBUL
_n1
_p38.10
_q1
_r0
_sY
_tBOOK
_u2016-5-16
_xINGENIERIA
_PP24
_0COMPRA
_o.STAFF. Colección General
980 _81
_gALBERTO SANCHEZ Responsable de Automatización